Delegujete pracovné úlohy?

Delegovanie povinností a právomocí - jedna zo základných činností manažéra. Výhody delegovania. Postup delegovania. Bariéry delegovania. Delegovanie a empowerment.

Saved in:
Bibliographic Details
Main Author: Olexová, Cecília, 1976-
Format: Book Chapter
Language:Slovak
Subjects:
Tags: Add Tag
No Tags, Be the first to tag this record!

MARC

LEADER 00000naa$a2200000$$$4500
001 0116051
005 20240502072308.2
041 0 |a slo 
044 |a SK 
245 1 0 |a Delegujete pracovné úlohy?  |c Cecília Olexová 
520 |a Delegovanie povinností a právomocí - jedna zo základných činností manažéra. Výhody delegovania. Postup delegovania. Bariéry delegovania. Delegovanie a empowerment. 
610 2 0 |a manažéri 
610 2 0 |a manažment 
610 2 0 |a riadenie 
610 2 0 |a zamestnanci 
610 2 0 |a práca 
610 2 0 |a kontrola 
100 1 |a Olexová, Cecília, 1976-